000
00190nam a22000857a 4500
041
_a
ENG
245
_a
Uryaparn Jan Dec 94 Vol 07
260
_a
Delhi
_b
Gulrat Erery Devlopmars
_c
1994
300
_a
84
999
_c
3175
_d
3175